|
|
|
|
| LEADER |
00000nam a22000007a 4500 |
| 005 |
20140425231638.0 |
| 007 |
cr|||| |||| |
| 008 |
140425s2014 mx |||||s|||| 00||0 spa d |
| 035 |
|
|
|a 12044
|
| 040 |
|
|
|a vLex
|
| 090 |
|
|
|c 4850
|d 4850
|
| 100 |
1 |
|
|4 Gonzl̀ez Llanes, Mario Alberto
|
| 245 |
1 |
0 |
|a Manual sobre el Juicio de Amparo
|h [Recurso electrn̤ico] /
|c Mario Alberto Gonzl̀ez Llanes
|
| 256 |
|
|
|a Servicio en ln̕ea
|
| 260 |
|
|
|a Mx̌ico DF:
|b Ediciones Fiscales ISEF,
|c 2014
|
| 300 |
|
|
|a 1 recurso electrn̤ico
|
| 506 |
1 |
|
|a Disponible solo en los productos indicados
|d vLex Global
|d vLex Global (Academic Edition, excluding Law Schools)
|d vLex Global (U.S. Academic Edition, Law Schools)
|d vLex Global (U.S. Academic Edition, excluding Law Schools)
|d vLex Global (Academic Edition, Law Schools)
|
| 650 |
0 |
4 |
|a Derecho Constitucional
|z Mx̌ico
|
| 740 |
0 |
|
|a vLex Libros (Servicio en ln̕ea)
|
| 856 |
4 |
0 |
|u http://vlex.com/source/manual-juicio-amparo-12044
|z Acceso restringido
|
| 942 |
|
|
|c BOOK
|
| 999 |
0 |
|
|a Constitutional Law
|